[Event "ICS rated blitz match"]
[Site "204.178.125.65"]
[Date "1999.08.07"]
[Round "?"]
[White "Hossa"]
[Black "Njall"]
[Result "1-0"]
[WhiteElo "2519"]
[BlackElo "2309"]
[PlyCount "71"]
[EventDate "1999.??.??"]

1. d4 Nf6 2. c4 e6 3. Nc3 Bb4 4. Bg5 c5 5. d5 Qa5 6. Bxf6 gxf6 7. Qd3 d6 8. e4
e5 9. Be2 f5 10. f3 fxe4 11. fxe4 Nd7 12. Nf3 Nf8 13. O-O h6 14. Nb5 Qd8 15. a3
Ba5 16. Qc2 a6 17. Nxd6+ Qxd6 18. Qa4+ Bd7 19. Qxa5 Ng6 20. Bd3 Nf4 21. Qc3 Rg8
22. Qxe5+ Qxe5 23. Nxe5 Rxg2+ 24. Kh1 Nxd3 25. Nxd3 Re2 26. Nxc5 O-O-O 27. Rxf7
b6 28. Nxa6 Rxe4 29. b3 Re3 30. c5 bxc5 31. Rc1 Rde8 32. Nxc5 Re1+ 33. Rxe1
Rxe1+ 34. Kg2 Bg4 35. d6 Rd1 36. Rf8# {Njall checkmated} 1-0

[Event "ICS rated blitz match"]
[Site "204.178.125.65"]
[Date "1999.08.07"]
[Round "?"]
[White "libertad"]
[Black "Hossa"]
[Result "0-1"]
[WhiteElo "2313"]
[BlackElo "2526"]
[PlyCount "74"]
[EventDate "1999.??.??"]

1. e4 c6 2. d4 d5 3. Nd2 Nf6 4. e5 Nfd7 5. f4 c5 6. c3 Nc6 7. Ngf3 cxd4 8. cxd4
e6 9. Bd3 Rb8 10. O-O Be7 11. Kh1 Nb4 12. Bb1 O-O 13. a3 Nc6 14. g4 f6 15. Nb3
fxe5 16. dxe5 Nb6 17. Qd3 g6 18. Nbd4 Nc4 19. Nxc6 bxc6 20. Ba2 Nxb2 21. Bxb2
Rxb2 22. Nd4 Rb6 23. f5 Ba6 24. Qg3 c5 25. fxg6 Rxf1+ 26. Rxf1 Bxf1 27. gxh7+
Kxh7 28. Nf3 Rb2 29. g5 Rxa2 30. Qh4+ Kg8 31. Qh6 Bg2+ 32. Kg1 Qb6 33. Qg6+ Kf8
34. Qh6+ Ke8 35. Qh5+ Kd7 36. h4 c4+ 37. Kh2 37... Bxf3+ {libertad resigns} 0-1

[Event "ICS rated blitz match"]
[Site "204.178.125.65"]
[Date "1999.08.07"]
[Round "?"]
[White "Hossa"]
[Black "Njall"]
[Result "1-0"]
[WhiteElo "2540"]
[BlackElo "2307"]
[PlyCount "61"]
[EventDate "1999.??.??"]

1. d4 Nf6 2. c4 c6 3. Nf3 d5 4. Nc3 dxc4 5. e4 b5 6. Ne5 Bb7 7. Bg5 Nbd7 8.
Bxf6 exf6 9. Nxd7 Qxd7 10. a3 Bd6 11. Be2 O-O 12. O-O Rfe8 13. Bg4 Qe7 14. Qf3
Rad8 15. Qh3 a6 16. Rad1 Bc8 17. Bxc8 Rxc8 18. f3 Rcd8 19. Ne2 Bc7 20. Kh1 Bb6
21. Rd2 Rd6 22. Rfd1 Red8 23. Qh4 R8d7 24. Qf4 Qd8 25. a4 h6 26. axb5 axb5 27.
Qe3 Ra7 28. Qf2 Qa8 29. Ng3 g6 30. Nf5 Kh7 31. Nxd6 {Njall resigns} 1-0

[Event "ICS rated blitz match"]
[Site "204.178.125.65"]
[Date "1999.08.07"]
[Round "?"]
[White "Hossa"]
[Black "Njall"]
[Result "0-1"]
[WhiteElo "2553"]
[BlackElo "2294"]
[PlyCount "142"]
[EventDate "1999.??.??"]

1. d4 Nf6 2. c4 g6 3. Nc3 Bg7 4. e4 d6 5. f3 O-O 6. Be3 Nbd7 7. g4 e5 8. d5 h5
9. h3 a6 10. Qd2 Re8 11. O-O-O Qe7 12. Bh6 Qf8 13. Bxg7 Qxg7 14. Rh2 Nc5 15.
Nge2 Bd7 16. gxh5 Nxh5 17. b4 Na4 18. Nxa4 Bxa4 19. Re1 Bd7 20. Bg2 Kh7 21. Qd3
Qh6+ 22. Kb1 Kg7 23. Rg1 Rh8 24. h4 Rh7 25. Ka1 Rah8 26. Bf1 Nf4 27. Qc3 Nxe2
28. Bxe2 Qf4 29. Rhg2 Rxh4 30. Kb2 Rh2 31. Qd3 Rxg2 32. Rxg2 Rh1 33. Bd1 Rh2
34. Qe2 Rxg2 35. Qxg2 Qe3 36. Bc2 Qd4+ 37. Kb3 b5 38. cxb5 Bxb5 39. Qh1 Qc4+
40. Kb2 Qxb4+ 41. Bb3 a5 42. a3 Qd4+ 43. Kb1 a4 44. Bc2 Qc3 45. Qc1 Bd3 46.
Bxd3 Qxd3+ 47. Qc2 Qxa3 48. Qd1 Qb3+ 49. Qxb3 axb3 50. Kb2 f5 51. Kxb3 Kf6 52.
exf5 Kxf5 53. Kc3 e4 54. Kd2 exf3 55. Ke3 Ke5 56. Kxf3 Kxd5 57. Ke3 c5 58. Ke2
Kd4 59. Ke1 c4 60. Kd2 c3+ 61. Kc2 Kc4 62. Kd1 d5 63. Ke2 d4 64. Ke1 d3 65. Kf2
c2 66. Kf1 c1=Q+ 67. Kg2 Qf4 68. Kh1 d2 69. Kg2 Kd3 70. Kg1 d1=Q+ 71. Kg2 71...
Qdf1# {Hossa checkmated} 0-1

[Event "ICS rated blitz match"]
[Site "204.178.125.65"]
[Date "1999.08.07"]
[Round "?"]
[White "Hossa"]
[Black "Big-Pawn"]
[Result "1-0"]
[WhiteElo "2537"]
[BlackElo "2144"]
[PlyCount "125"]
[EventDate "1999.??.??"]

1. d4 g6 2. c4 Bg7 3. e4 d6 4. Nc3 Nc6 5. d5 Nb8 6. Bd3 e5 7. Be3 Ne7 8. Qa4+
Bd7 9. Qb3 b6 10. Bg5 f6 11. Bh4 O-O 12. O-O-O Na6 13. f3 Nc5 14. Qc2 Nxd3+ 15.
Qxd3 g5 16. Bg3 f5 17. Nge2 f4 18. Bf2 h5 19. h4 g4 20. Kb1 g3 21. Be1 Ng6 22.
Bd2 Nxh4 23. Rdg1 Qg5 24. Nb5 Bxb5 25. cxb5 Ng6 26. Rh3 h4 27. Bb4 Nh8 28. Qc4
Rfc8 29. Rgh1 Ng6 30. Nc3 Qe7 31. Qc6 Bf6 32. Kc1 Nf8 33. Ne2 Nd7 34. Kb1 Nc5
35. Bc3 Nd3 36. Be1 Kf7 37. Qc4 Nc5 38. b4 Nd7 39. Bc3 Nf8 40. Bb2 Nh7 41. Nc3
Rh8 42. Ka1 Kg6 43. Qc6 Qg7 44. Kb1 Ng5 45. Rxh4 Rxh4 46. Rxh4 Rh8 47. Rg4 Rh1+
48. Bc1 Rh2 49. Qe8+ Qf7 50. Qe6 Rxg2 51. Rxg5+ Kxg5 52. Qxf7 Rh2 53. Qg8+ Kh5
54. Qh7+ Kg5 55. Qf5+ Kh6 56. Qxf6+ Kh5 57. Qf7+ Kh6 58. Qxc7 g2 59. Qxd6+ Kh7
60. Qd7+ Kg8 61. Ne2 Rh1 62. Qg4+ Kf8 63. Qxg2 {Big-Pawn resigns} 1-0

[Event "ICS rated blitz match"]
[Site "204.178.125.65"]
[Date "1999.08.07"]
[Round "?"]
[White "Big-Pawn"]
[Black "Hossa"]
[Result "0-1"]
[WhiteElo "2141"]
[BlackElo "2540"]
[PlyCount "66"]
[EventDate "1999.??.??"]

1. Nf3 Nc6 2. g3 e5 3. d3 d5 4. Nbd2 Bc5 5. Bg2 Nge7 6. O-O O-O 7. e4 f6 8. c3
Qd7 9. Qe2 Bb6 10. a4 Rd8 11. b4 a6 12. a5 Ba7 13. Nh4 d4 14. c4 Nxb4 15. Ba3
Nc2 16. Ra2 Nxa3 17. Rxa3 Bc5 18. Rb3 Nc6 19. f4 Nxa5 20. fxe5 Nxb3 21. Nxb3
Be7 22. Qh5 Qg4 23. Qxg4 Bxg4 24. exf6 Bxf6 25. Rf2 Bxh4 26. gxh4 Ra7 27. Nc5
b6 28. Nb3 a5 29. e5 a4 30. Bd5+ Rxd5 31. cxd5 axb3 32. e6 Ra1+ 33. Kg2 33...
Ra2 {Big-Pawn resigns} 0-1

[Event "ICS rated blitz match"]
[Site "204.178.125.65"]
[Date "1999.08.07"]
[Round "?"]
[White "Hossa"]
[Black "Big-Pawn"]
[Result "1-0"]
[WhiteElo "2543"]
[BlackElo "2138"]
[PlyCount "81"]
[EventDate "1999.??.??"]

1. d4 g6 2. c4 Bg7 3. e4 d6 4. Nc3 Nc6 5. d5 Nb8 6. Bd3 e5 7. Be3 Ne7 8. Qa4+
Bd7 9. Qb3 b6 10. Bg5 f6 11. Bh4 O-O 12. O-O-O Na6 13. f3 Nc5 14. Qc2 Nxd3+ 15.
Qxd3 g5 16. Bg3 f5 17. Nge2 f4 18. Bf2 h5 19. h4 g4 20. Kb1 g3 21. Be1 Ng6 22.
Bd2 Nxh4 23. Rdg1 Qg5 24. Nb5 Rfc8 25. Bb4 Bxb5 26. cxb5 Ng6 27. Rh3 h4 28.
Rgh1 Bf6 29. Qc4 Qh5 30. Bc3 Nh8 31. Nxf4 Qg5 32. Ne6 Qe3 33. Be1 Ng6 34. a4
Nf4 35. Nxf4 exf4 36. Qc2 a6 37. bxa6 Rxa6 38. e5 Bxe5 39. Qg6+ Kf8 40. Qf5+
Ke7 41. Rxh4 {Big-Pawn resigns} 1-0

[Event "ICS rated blitz match"]
[Site "204.178.125.65"]
[Date "1999.08.07"]
[Round "?"]
[White "Hossa"]
[Black "SuperChicken"]
[Result "0-1"]
[WhiteElo "2548"]
[BlackElo "2725"]
[PlyCount "79"]
[EventDate "1999.??.??"]

1. d4 Nf6 2. c4 g6 3. Nc3 Bg7 4. e4 d6 5. f3 O-O 6. Be3 e5 7. Nge2 c6 8. Qd2
Nbd7 9. O-O-O a6 10. Kb1 b5 11. d5 cxd5 12. Nxd5 bxc4 13. Nxf6+ Nxf6 14. Qxd6
Be6 15. Nc3 Qc8 16. Kc2 Rb8 17. Kc1 Qb7 18. Rd2 Rfc8 19. Be2 Nd7 20. Qe7 Bf8
21. Qg5 Bb4 22. Rxd7 Bxd7 23. Nd5 Ba3 24. Bb6 Be6 25. Nf6+ Kf8 26. Nxh7+ Kg7
27. Qxe5+ Kxh7 28. Bd4 Bxb2+ 29. Bxb2 c3 30. Bxc3 Qb2+ 31. Kd1 Rxc3 32. Ke1 Bc4
33. Kf2 Bxe2 34. Rb1 Rxf3+ 35. gxf3 Qxe5 36. Rxb8 Qxb8 37. Kxe2 Qxh2+ 38. Ke3
Qxa2 39. f4 a5 40. e5 {Hossa resigns} 0-1

[Event "ICS rated blitz match"]
[Site "204.178.125.65"]
[Date "1999.08.07"]
[Round "?"]
[White "Hossa"]
[Black "adamphilefe"]
[Result "1-0"]
[WhiteElo "2542"]
[BlackElo "2030"]
[PlyCount "20"]
[EventDate "1999.??.??"]

1. d4 d5 2. c4 e6 3. Nc3 Nf6 4. cxd5 exd5 5. Bg5 Be7 6. e3 O-O 7. Bd3 b6 8.
Bxf6 Bxf6 9. Qh5 g6 10. Qxd5 10... Qxd5 {adamphilefe resigns} 1-0

[Event "ICS rated blitz match"]
[Site "204.178.125.65"]
[Date "1999.08.07"]
[Round "?"]
[White "Secret"]
[Black "Hossa"]
[Result "1/2-1/2"]
[WhiteElo "2514"]
[BlackElo "2544"]
[PlyCount "198"]
[EventDate "1999.??.??"]

1. e4 c6 2. d4 d5 3. Nc3 dxe4 4. Nxe4 Bf5 5. Ng3 Bg6 6. h4 Qa5+ 7. Bd2 Qa4 8.
c3 Qxd1+ 9. Rxd1 Nf6 10. h5 Bc2 11. Rc1 Be4 12. Bf4 Nbd7 13. f3 Bd5 14. c4 Be6
15. Bd3 O-O-O 16. N1e2 Nc5 17. Bb1 Na4 18. b3 Nb6 19. Kf2 Rg8 20. d5 Bd7 21.
dxc6 Bxc6 22. h6 e6 23. hxg7 Bc5+ 24. Kf1 Ba3 25. Re1 Rxg7 26. Rh6 Nbd7 27. Nd4
Bf8 28. Nge2 Rg8 29. Nxc6 bxc6 30. Rh3 Rg7 31. Bh6 Rg8 32. Be3 Bc5 33. Bxc5
Nxc5 34. Rh6 Ncd7 35. Kf2 Rg7 36. g4 Rh8 37. Nc3 c5 38. Nb5 a6 39. Nd6+ Kc7 40.
Rd1 Rd8 41. Ne4 Nxe4+ 42. Bxe4 Nf6 43. Bd3 Ng8 44. Rh5 Kb6 45. Ke3 Rd7 46. Rd2
h6 47. Rhh2 Kc7 48. Bc2 f6 49. Be4 a5 50. Rxd7+ Rxd7 51. Bg6 Kb8 52. Be8 Re7
53. Bb5 Kc7 54. Ke4 Rf7 55. Rd2 Rg7 56. Ba4 Rf7 57. Be8 Rf8 58. Bb5 Rf7 59. Ke3
f5 60. gxf5 exf5 61. Kf4 h5 62. Rh2 Nf6 63. Rg2 Kd6 64. Rd2+ Ke7 65. Kxf5 Ng8+
66. Ke4 Nf6+ 67. Ke5 h4 68. Re2 Rg7 69. Kf5+ Kf7 70. Rh2 Rh7 71. Kf4 Rh8 72.
Ke5 Ke7 73. Ba6 h3 74. Bb5 Rh4 75. Kf5 Kf7 76. Kg5 Rh8 77. Kf4 Rg8 78. Rxh3 Rg2
79. Ke5 Rxa2 80. Kd6 Rb2 81. Ba4 Re2 82. Kxc5 Re3 83. Kd4 Re2 84. Rh8 Rf2 85.
Ke3 Rc2 86. Ra8 Rc3+ 87. Ke2 Ng8 88. Rxa5 Kf6 89. Ra8 Kg7 90. Rd8 Nf6 91. Rd3
Rxd3 92. Kxd3 Nh5 93. b4 Nf4+ 94. Ke4 Ne6 95. Bc6 Kf6 96. b5 Ke7 97. Ke5 Nc5
98. b6 Kd8 99. Kd6 99... Na6 {
Secret ran out of time and Hossa has no material to mate} 1/2-1/2

[Event "ICS rated blitz match"]
[Site "204.178.125.65"]
[Date "1999.08.07"]
[Round "?"]
[White "Hossa"]
[Black "Lundbotanmats"]
[Result "1-0"]
[WhiteElo "2543"]
[BlackElo "2052"]
[PlyCount "79"]
[EventDate "1999.??.??"]

1. d4 d5 2. c4 c6 3. Nc3 Nf6 4. cxd5 cxd5 5. f3 a6 6. Bg5 h6 7. Bxf6 gxf6 8. e4
dxe4 9. fxe4 e6 10. Nf3 Bd7 11. Bd3 Bg7 12. O-O O-O 13. Qb3 b5 14. Rac1 Nc6 15.
Ne2 Na5 16. Qc3 Rc8 17. Qa3 Qb6 18. Qe7 Rfd8 19. Rxc8 Bxc8 20. Rc1 Bd7 21. Kh1
Nc6 22. Qa3 Bf8 23. Qc3 b4 24. Qe1 a5 25. Qh4 Bg7 26. Qh5 Be8 27. Bc4 Ne7 28.
Qh4 Ng6 29. Qg4 Bd7 30. Qh5 e5 31. Qxg6 Be6 32. Qg3 Bxc4 33. Rxc4 exd4 34.
Nfxd4 f5 35. exf5 Qb5 36. Nxb5 Rd1+ 37. Ng1 f6 38. Rc8+ Kf7 39. Qc7+ Rd7 40.
Qxd7# {Lundbotanmats checkmated} 1-0

[Event "ICS rated blitz match"]
[Site "204.178.125.65"]
[Date "1999.08.07"]
[Round "?"]
[White "Hossa"]
[Black "Njall"]
[Result "1-0"]
[WhiteElo "2551"]
[BlackElo "2290"]
[PlyCount "115"]
[EventDate "1999.??.??"]

1. e4 c6 2. d4 d5 3. Nc3 dxe4 4. Nxe4 Bf5 5. Ng3 Bg6 6. Nf3 Nd7 7. Be2 Ngf6 8.
O-O Qc7 9. Nh4 e6 10. Nxg6 hxg6 11. c4 Bd6 12. Qa4 O-O 13. Be3 b6 14. a3 c5 15.
Rad1 Rfd8 16. Bf3 Rac8 17. d5 exd5 18. cxd5 Ne5 19. Be2 Re8 20. Ne4 Nxe4 21.
Qxe4 Nd7 22. Qh4 Nf6 23. Rfe1 Re4 24. Qh3 Rce8 25. Bf3 R4e7 26. g3 Be5 27. Qf1
Rd8 28. Rd2 Bd6 29. Rde2 Rde8 30. Qg2 Nd7 31. Qh3 Ne5 32. Bg2 Nc4 33. Qg4 Nxe3
34. Rxe3 Rxe3 35. Rxe3 Rxe3 36. fxe3 Be5 37. b3 b5 38. Bf1 a6 39. a4 c4 40.
axb5 axb5 41. bxc4 b4 42. Qd1 Qc5 43. Qd3 Kf8 44. Kg2 Ke7 45. h4 f5 46. e4 Kf6
47. Qf3 Qd4 48. Bd3 b3 49. exf5 g5 50. hxg5+ Kxg5 51. f6 Qg4 52. f7 Qxf3+ 53.
Kxf3 Bd6 54. Ke4 Kg4 55. Kd4 Kxg3 56. c5 Be7 57. d6 Bf8 58. d7 {Njall resigns}
1-0

[Event "ICS rated blitz match"]
[Site "204.178.125.65"]
[Date "1999.08.07"]
[Round "?"]
[White "ekw"]
[Black "Hossa"]
[Result "1-0"]
[WhiteElo "2239"]
[BlackElo "2557"]
[PlyCount "108"]
[EventDate "1999.??.??"]

1. e4 c6 2. d4 d5 3. Nc3 dxe4 4. Nxe4 Bf5 5. Ng3 Bg6 6. h4 Qa5+ 7. c3 Nd7 8. h5
Bf5 9. Nf3 Bg4 10. Be2 Qd5 11. Bf4 e6 12. Qb3 O-O-O 13. Qxd5 exd5 14. Ne5 Nxe5
15. Bxe5 Bxe2 16. Kxe2 Re8 17. Kd3 Nh6 18. f3 f6 19. Bf4 Nf7 20. Rae1 Bd6 21.
Bxd6 Nxd6 22. b3 b5 23. Re2 Rxe2 24. Nxe2 Re8 25. g4 Nf7 26. Rf1 Ng5 27. Ng3 g6
28. hxg6 hxg6 29. f4 Ne4 30. Nxe4 dxe4+ 31. Ke3 f5 32. Rh1 fxg4 33. Rg1 Re6 34.
Rxg4 Kc7 35. Rg5 Kd6 36. c4 bxc4 37. bxc4 a6 38. Re5 Re7 39. Kxe4 Kd7 40. Rxe7+
Kxe7 41. Ke5 a5 42. a4 Kd7 43. Kf6 Ke8 44. Kxg6 Kd7 45. f5 Kd6 46. f6 Ke6 47.
f7 Ke7 48. Kg7 Ke6 49. f8=Q Kd7 50. Qf7+ Kc8 51. Kf6 Kb8 52. Ke6 c5 53. Kd6 Ka8
54. Kc6 54... Kb8 {Hossa resigns} 1-0

[Event "ICS rated blitz match"]
[Site "204.178.125.65"]
[Date "1999.08.07"]
[Round "?"]
[White "Hossa"]
[Black "inmortal"]
[Result "1-0"]
[WhiteElo "2536"]
[BlackElo "2302"]
[PlyCount "61"]
[EventDate "1999.??.??"]

1. d4 Nf6 2. c4 g6 3. Nc3 Bg7 4. e4 d6 5. f3 O-O 6. Be3 Nbd7 7. Bd3 c5 8. dxc5
dxc5 9. Rc1 Ne8 10. Nge2 b6 11. Rc2 Ne5 12. Rd2 Qc7 13. O-O Nd6 14. Nd5 Qb7 15.
b3 e6 16. Ndf4 Qc7 17. Bc2 Nb7 18. Nd3 Nc6 19. f4 f5 20. e5 Nba5 21. Qe1 Bb7
22. Qf2 Rad8 23. Rfd1 g5 24. Qg3 g4 25. Bb1 Kh8 26. h3 gxh3 27. Qxh3 Ba8 28.
Nf2 Rxd2 29. Rxd2 Rd8 30. Qh5 Rxd2 31. Qe8+ {inmortal resigns} 1-0

[Event "ICS rated blitz match"]
[Site "204.178.125.65"]
[Date "1999.08.07"]
[Round "?"]
[White "Talmoves"]
[Black "Hossa"]
[Result "1-0"]
[WhiteElo "2548"]
[BlackElo "2545"]
[Annotator "Fritz 5.32 (15s)"]
[PlyCount "143"]
[EventDate "1999.??.??"]

1. d4 1... Nf6 {Opening = A58 - 4.cb5 a6 5.ba6(Ba6 6.Nc3 d6 7.---)} 2. c4 c5 3.
d5 b5 4. cxb5 a6 5. bxa6 Bxa6 6. Nc3 $146 (6. e3 Bxf1 7. Kxf1 d6 (7... g6 8. b3
Bg7 9. Bb2 O-O 10. Ne2 d6 11. Nec3 Nbd7 12. f3 Qb6 13. Kf2 Ne5 14. Qc2 Rfb8 15.
Nd2 Qa6 16. e4 Nd3+ 17. Kg1 Nxb2 18. Qxb2 18... Nxd5 {
0-1 Zaichik,G-Rogozenko,D/Chisinau 1993/EXT 97 (18)}) 8. Nc3 g6 9. g4 Bg7 10.
Kg2 Qc7 11. h3 O-O 12. Nf3 Nbd7 13. Qc2 Nb6 14. Rb1 Nfxd5 15. Nxd5 Nxd5 16. a3
Nb6 17. e4 Rfb8 18. Bd2 Na4 19. b3 Nb6 20. a4 Qd7 21. Bc3 Bxc3 22. Qxc3 Nc8 23.
e5 Rb4 24. Rhd1 Qb7 25. Kg1 Raxa4 26. exd6 Nxd6 27. Nd2 Ra5 28. Nc4 Ra6 29. Rd5
{1-0 Nielsen,S-Christensen,J/Aalborg 1995/EXT 97 (29)}) (6. f3 d6 (6... g6 7.
Nc3 d6 8. e4 Bxf1 9. Kxf1 Bg7 10. Nge2 Nbd7 11. Be3 O-O 12. Qc2 Qa5 13. b3 Rfb8
14. Rb1 Ne5 15. Bf4 Nfd7 16. Bg5 Nf6 17. Bf4 Nfd7 18. Bd2 Qa6 19. Na4 Qd3 20.
Qxd3 Nxd3 21. Nec3 {Glenne,P-Vestly,J/Stavanger 1989/EXT 97/0-1 (39)}) 7. e4
Bxf1 8. Kxf1 g6 9. Bd2 Bg7 10. Bc3 O-O 11. g4 e6 12. h4 exd5 13. exd5 Nbd7 14.
Ne2 Nb6 15. Nf4 Ra4 16. Qd2 Nc4 17. Qc1 Qe7 18. Kf2 Ne5 19. Rd1 Nfxg4+ 20. Kg3
Nh6 21. b3 Nf5+ 22. Kg2 Rxf4 23. Qxf4 Bh6 24. Bxe5 Bxf4 25. Bxf4 25... Qe2+ {
0-1 Onderek,D-Jarabek,V/CZE 1997/EXT 98 (25)}) (6. Nf3 g6 7. b3 Bg7 8. Bb2 O-O
9. g3 Qa5+ 10. Bc3 Qc7 11. Bg2 d6 12. O-O Nbd7 13. Re1 Bb7 14. e4 Ra7 15. Nbd2
Rfa8 16. Qc2 Nb6 17. a4 Bc8 18. h3 Nbd7 19. Nc4 Rb8 20. Rad1 20... Nb6 {
Schlager,T-Schneider,B/BL2-SW 1989/GER-chT2/ - (44)}) 6... e5 (6... Qa5 7. Bd2
$16) 7. e4 Bxf1 8. Kxf1 Be7 9. d6 Bf8 10. f4 exf4 11. e5 Ng8 12. Nd5 Na6 13.
Bxf4 Rb8 (13... Qb8 14. Qd2 $18) 14. e6 dxe6 15. Qa4+ Qd7 16. Qxa6 exd5 17.
Re1+ Be7 18. dxe7 (18. Rxe7+ Nxe7 19. dxe7 19... Rxb2 $11) 18... Rc8 19. Nf3
Qc6 20. Qxc6+ (20. Qe2 $5 {ist genauer} 20... Qb7 $18) 20... Rxc6 21. a4 Nxe7
22. a5 Kd8 23. Bg5 f6 24. Bd2 Re8 25. Rc1 Kd7 26. Kf2 Rb8 27. Rc2 c4 28. Rd1
Re6 29. Bc3 g6 30. Re2 Ra6 31. Re4 Rd6 32. Red4 Rb5 33. Rf4 Nc6 34. Nd4 Nxd4
35. Rfxd4 f5 36. h3 Kc6 37. a6 Rb8 38. Ra1 Rd7 39. Rd2 Re8 40. a7 Kb7 41. Ra4
Ka8 42. Rxc4 {Weiss erhaelt starke Initiative} 42... Kxa7 43. Rc5 Red8 44. Bd4
Ka6 (44... Kb8 $18 {koennte noch eine geringe Chance darstellen}) 45. b4 (45.
Rd3 $142 {und Schwarz kann direkt aufgeben} 45... Rd6 46. Rb3 Rb6 47. Rxb6+
Kxb6 48. Rc8+ Kb5 49. Rxd8 49... Kc4 $18) 45... Rd6 46. Ra2+ Kb7 47. Rca5 h6 (
47... R8d7 {hilft allerdings auch nicht} 48. Ra7+ Kb8 49. Ra8+ Kc7 50. Be5 $18)
48. Ra7+ Kc8 49. Rc2+ (49. Be5 $142 {ist der schnellste Weg} 49... R8d7 50.
Ra8+ Kb7 51. R2a7+ Kb6 52. Ra6+ Kb5 53. Bxd6 $18) 49... Kb8 50. Rcc7 Re6 51.
Rab7+ (51. Rcb7+ $5 {gibt noch groesseren Vorteil} 51... Kc8 $18) 51... Ka8 52.
b5 {Weiss erhaelt Koenigsangriff} 52... Re4 53. Ra7+ Kb8 54. Rcb7+ Kc8 55. Rf7
{Droht Matt: Ra8} 55... Kb8 56. Rab7+ Ka8 57. Bf6 (57. Bb6 {
laesst dem Gegner kaum Chancen} 57... Rde8 58. Ra7+ 58... Kb8 $18) 57... Rde8
58. Ra7+ Kb8 59. Rfb7+ Kc8 60. Rh7 {Droht Matt} 60... Re2+ 61. Kg1 Re1+ (61...
Kb8 {aendert den traurigen Lauf der Dinge nicht} 62. Rab7+ Ka8 63. Rbd7 $18)
62. Kh2 Kb8 63. Rhb7+ (63. Bd4 $142 {entschiede die Partie sofort} 63... R1e4
64. Bc5 $18) 63... Kc8 64. Rf7 (64. b6 {und Weiss haette es noch leichter}
64... R1e4 $18) 64... Kb8 65. Rab7+ Ka8 66. Bd4 {Mit der Drohung Ra7} 66...
R1e4 67. Ra7+ Kb8 68. Bc5 {Es droht Matt} 68... Rd8 (68... R4e6 {
bot noch bessere Widerstandsmoeglichkeiten} 69. b6 Rc6 70. Rfb7+ 70... Kc8 $18)
69. b6 Rg4 (69... Rc4 {nuetzt auch nichts mehr} 70. b7 Rd7 71. Rxd7 Ra4 72.
Rxa4 d4 73. Ra8#) 70. Bd6+ Rxd6 71. Rf8+ 71... Rd8 {
Schwarz muss Material zurueckgeben} 72. Rxd8# 1-0

[Event "ICS rated blitz match"]
[Site "204.178.125.65"]
[Date "1999.08.07"]
[Round "?"]
[White "Hossa"]
[Black "Talmoves"]
[Result "0-1"]
[WhiteElo "2529"]
[BlackElo "2564"]
[Annotator "Fritz 5.32 (15s)"]
[PlyCount "95"]
[EventDate "1999.??.??"]

1. d4 1... Nf6 {Opening = E31 - 4.Bg5 h6 5.Bh4 c5 6.d5 d6} 2. c4 e6 3. Nc3 Bb4
4. Bg5 h6 5. Bh4 c5 6. d5 d6 7. Rc1 e5 (7... Bxc3+ 8. Rxc3 g5 9. Bg3 Ne4 10.
Ra3 Qb6 11. Qb3 Qxb3 12. Rxb3 b5 13. e3 exd5 14. cxd5 a6 15. Nf3 c4 16. Rb4 Nf6
17. Bxc4 bxc4 18. Bxd6 Nbd7 19. Rxc4 Nb6 20. Rd4 Nfxd5 21. Bc5 Rb8 22. O-O {
Haba,P-Movsesian,S/Zlin 1997/CBM 61/ - (49)}) 8. f3 Nbd7 9. e4 $146 (9. e3 Nf8
10. Bd3 Ng6 11. Bxg6 fxg6 12. Nge2 g5 13. Bf2 g4 14. f4 exf4 15. exf4 O-O 16.
O-O Nh5 17. Be1 Bf5 18. a3 Ba5 19. Ng3 Nxg3 20. Bxg3 Qd7 21. Kh1 Rae8 22. Re1
Bd8 23. Qd2 Bf6 24. Rxe8 Rxe8 25. Re1 a6 26. Bf2 h5 27. Re3 Kf7 28. Ne2 h4 29.
b4 b6 30. Nc1 Rxe3 31. Bxe3 Qa4 32. Qe2 32... Qxa3 {
0-1 Simon,G-Cerisier,P/Rouen 1987/EXT 97 (32)}) 9... O-O 10. Bd3 Nb6 11. Nge2
Bd7 12. O-O 12... a6 {Befestigt b5} 13. f4 $15 (13. a3 $5 {ist bedenkenswert}
13... Ba5 14. Rb1 $14) 13... exf4 14. Bxf6 ({Nachteilig ist} 14. Rxf4 14... g5
15. Rxf6 15... Qxf6 $19) (14. Nxf4 g5 15. Nh5 15... Ng4 $11) 14... Qxf6 ({
Weniger gut ist} 14... gxf6 15. Qd2 Na4 16. Nxf4 $16) 15. Rxf4 Qg5 16. Qf1 Rae8
17. a3 Ba5 18. Qf3 Na4 19. Nxa4 Bxa4 20. Bc2 Bxc2 21. Rxc2 Qe5 22. Kh1 22...
Bd8 {Nun geraet Weiss unter starken Druck.} 23. Ng3 $17 (23. Nc3 Bg5 24. Rf5
24... Qe7 $15) 23... Bg5 24. Rf5 Qd4 25. Qe2 25... g6 {Sichert h5} 26. Rf1 h5
27. Rd1 Qe5 28. Nxh5 $19 (28. Qd3 28... Bh4 $17) 28... gxh5 29. Qxh5 Bf4 30.
Qg4+ Qg5 31. Qf3 f5 32. exf5 (32. g3 Be3 33. Re2 33... Rxe4 $19) 32... Bxh2 (
32... Qxf5 $6 33. Rf2 Qg6 34. Rdf1 $17) 33. Kxh2 33... Re3 $1 {
zwingend und schoen} 34. Rf1 Qh4+ 35. Qh3 {
ob er will oder nicht, Weiss muss Material hergeben} 35... Rxh3+ 36. gxh3 Kf7
37. b3 37... Rh8 {Mit der Mattdrohung Qxh3} 38. Rf3 b5 39. a4 (39. cxb5 {
macht keinen grossen Unterschied} 39... Qe4 40. Rcf2 40... axb5 $19) 39... Qe4
{Es droht Matt} 40. Rcf2 bxc4 41. bxc4 Qxc4 42. Rf4 Qxd5 43. h4 Qe5 44. Kh3
44... Rg8 {Droht Matt: Qg7} 45. f6 45... Qe1 {Mit der Mattdrohung Qg1} 46. Rg4
Qc3+ 47. Kh2 (47. Kg2 {kann das Vorangegangene nicht ungeschehen machen} 47...
Rxg4+ 48. Kf1 Qd3+ 49. Re2 Qd1+ 50. Kf2 Qg1+ 51. Kf3 Qg3#) 47... Rxg4 48. h5 (
48. Rf3 {aendert nichts am Ausgang der Partie} 48... Qd2+ 49. Rf2 Qxf2+ 50. Kh3
Qxh4#) 0-1

[Event "ICS rated blitz match"]
[Site "204.178.125.65"]
[Date "1999.08.07"]
[Round "?"]
[White "j724"]
[Black "Hossa"]
[Result "1-0"]
[WhiteElo "2137"]
[BlackElo "2515"]
[PlyCount "66"]
[EventDate "1999.??.??"]

1. d4 Nf6 2. Nf3 g6 3. Bf4 Bg7 4. Qc1 Nc6 5. Bh6 Bxh6 6. Qxh6 Nb4 7. Qd2 Nc6 8.
c4 Ne4 9. Qc2 f5 10. a3 e5 11. d5 Nd4 12. Nxd4 exd4 13. Nd2 O-O 14. g3 Qf6 15.
Bg2 Nxd2 16. Qxd2 f4 17. O-O c6 18. Rad1 c5 19. gxf4 Qxf4 20. e3 dxe3 21. fxe3
Qxc4 22. Rxf8+ Kxf8 23. Rf1+ Kg7 24. Qf2 Qxf1+ 25. Qxf1 b6 26. d6 Rb8 27. Bd5
Bb7 28. Qf7+ Kh6 29. Bxb7 Rd8 30. Qe7 Rg8 31. Qxd7 Rf8 32. Qe7 Rb8 33. Bf3
33... b5 {Hossa resigns} 1-0

[Event "ICS rated blitz match"]
[Site "204.178.125.65"]
[Date "1999.08.07"]
[Round "?"]
[White "Hossa"]
[Black "ManonTheEdge"]
[Result "1-0"]
[WhiteElo "2486"]
[BlackElo "2020"]
[PlyCount "71"]
[EventDate "1999.??.??"]

1. d4 Nf6 2. c4 e5 3. dxe5 Ng4 4. Qd4 h5 5. Qd5 Nc6 6. Bd2 Ngxe5 7. e4 d6 8.
Be2 a6 9. Bc3 Be6 10. Qd2 Nxc4 11. Bxc4 Bxc4 12. b3 Be6 13. Ne2 Be7 14. Bxg7
Rg8 15. Qh6 Bg5 16. Qh7 f6 17. f4 Bh4+ 18. g3 Qe7 19. Qxh5+ Bf7 20. Qxh4 Rxg7
21. Nbc3 O-O-O 22. O-O-O Rgg8 23. Nd4 Rh8 24. Qg4+ Kb8 25. Nxc6+ bxc6 26. Qf3
Rdg8 27. Qd3 Ka7 28. Qd4+ c5 29. Qa4 Be8 30. Nd5 Qf7 31. Qa5 Bb5 32. Nxc7 Rb8
33. Rxd6 Rb7 34. Nxb5+ Kb8 35. Rd8+ Rxd8 36. Qxd8# {ManonTheEdge checkmated}
1-0

[Event "ICS rated blitz match"]
[Site "204.178.125.65"]
[Date "1999.08.07"]
[Round "?"]
[White "kot"]
[Black "Hossa"]
[Result "1/2-1/2"]
[WhiteElo "2187"]
[BlackElo "2492"]
[PlyCount "96"]
[EventDate "1999.??.??"]

1. d4 Nf6 2. c4 g6 3. g3 Bg7 4. Bg2 c6 5. Nf3 d5 6. b3 dxc4 7. bxc4 c5 8. Bb2
cxd4 9. Nxd4 O-O 10. O-O Ng4 11. h3 Qb6 12. Bc3 Rd8 13. e3 e5 14. hxg4 exd4 15.
exd4 Bxd4 16. Bxd4 Rxd4 17. Qe2 Be6 18. Na3 Nc6 19. g5 Qa6 20. Qe3 Rad8 21. Nb5
R4d7 22. Rfc1 Bxc4 23. Rxc4 Qxb5 24. Rc5 Qb6 25. Rac1 Nb4 26. Bf1 Nxa2 27. R1c4
Rd1 28. Re4 Kg7 29. Re7 Kf8 30. Rcc7 Qxe3 31. Rxf7+ Kg8 32. fxe3 b5 33. Rg7+
Kf8 34. Rxh7 Kg8 35. Rcg7+ Kf8 36. Rxa7 Kg8 37. Rhg7+ Kh8 38. Rxg6 Nc3 39. Rh6+
Kg8 40. Rg6+ Kh8 41. Rgg7 R8d2 42. Rh7+ Kg8 43. Rag7+ Kf8 44. Rf7+ Kg8 45.
Rhg7+ Kh8 46. Rh7+ Kg8 47. Rhg7+ Kh8 48. Rh7+ 48... Kg8 {
Game drawn by repetition} 1/2-1/2